Surveying residential apartments (Record no. 78618)

MARC details
000 -LEADER
fixed length control field 00816cab a22001935a 4500
001 - CONTROL NUMBER
control field L137469
008 - FIXED-LENGTH DATA ELEMENTS--GENERAL INFORMATION
fixed length control field 070410s2006 xxko f 000 0 eng d
035 ## - SYSTEM CONTROL NUMBER
System control number (Sirsi) u137469
041 0# - LANGUAGE CODE
Language code of text/sound track or separate title eng
100 1# - MAIN ENTRY--PERSONAL NAME
Personal name Roberts, Chris
245 00 - TITLE STATEMENT
Title Surveying residential apartments
260 ## - PUBLICATION, DISTRIBUTION, ETC.
Date of publication, distribution, etc. 2006
490 ## - SERIES STATEMENT
Series statement News on the Block
Volume/sequential designation (30) 2006, 23-24(2)
520 ## - SUMMARY, ETC.
Summary, etc. Argues that, although newly built blocks of flats are increasingly system built, with few constructional defects, a professional survey is still necessary. Typical problems with apartment construction are poorly detailed parapets with inadequate copings, inadequate provision of rainwater goods and defective toilet cistern overflow pipes.
590 ## - LOCAL NOTE (RLIN)
Local note KA
651 #4 - SUBJECT ADDED ENTRY--GEOGRAPHIC NAME
Geographic name United Kingdom
Chronological subdivision
690 ## - LOCAL SUBJECT ADDED ENTRY--TOPICAL TERM (OCLC, RLIN)
Topical term or geographic name as entry element BUILT ENVIRONMENT-BUILDING INSPECTION
942 ## - ADDED ENTRY ELEMENTS (KOHA)
Suppress in OPAC 0
Holdings
Withdrawn status Lost status Source of classification or shelving scheme Damaged status Not for loan Home library Current library Shelving location Date acquired Total Checkouts Full call number Barcode Date last seen Copy number Price effective from Koha item type
    Dewey Decimal Classification     London London Journal article 10/04/2007   L137469 137469-1001 06/08/2019 1 06/08/2019 Journal article